POPULAR KPOP GROUPS SUDDEN DEATH - Statistics

General Stats
  • This quiz has been taken 267 times
  • The average score is 4 of 14
Answers on the Grid
Answers color-coded by a green-red scale on the quiz's grid according to % correct below.
BLACKPINK
Babymonster
NMIXX
MEOVV
NewJeans
TWICE
Blackswan
aespa
VCHA
A.C.E
SEVENTEEN
EXO
Dreamcatcher
P1Harmony
Weki Meki
Stray Kids
Girls' Generation (SNSD)
STAYC
IU
ClX
IVE
Xdinary Heroes
BIGBANG
BTS
BTOB
(G)-IDLE
OnlyOneOf
LE SSERAFIM
Big Ocean
TripleS
 
Answer Stats
Answer % Correct
BLACKPINK
94%
TWICE
34%
SEVENTEEN
33%
Stray Kids
30%
aespa
29%
BTS
29%
NewJeans
29%
LE SSERAFIM
26%
EXO
23%
BIGBANG
18%
IVE
18%
Girls' Generation (SNSD)
16%
(G)-IDLE
14%
IU
6%
No matching quizzes found
Score Distribution
Percent of People with Each Score
Percentile by Number Answered
Your Score History
You have not taken this quiz